Presencias / (Registro nro. 13911)

Detalles MARC
000 -LEADER
fixed length control field 00991nam a2200277 a 4500
003 - CONTROL NUMBER IDENTIFIER
control field DO-SdBNP
005 - DATE AND TIME OF LATEST TRANSACTION
control field 20211130073311.0
008 - FIXED-LENGTH DATA ELEMENTS--GENERAL INFORMATION
fixed length control field 091006s1999 dr a r 001 e spa d
040 ## - CATALOGING SOURCE
Original cataloging agency DO-SdBNP
Language of cataloging spa
Transcribing agency BPMSU
082 ## - DEWEY DECIMAL CLASSIFICATION NUMBER
Classification number RD860.4409
Item number P945p 1999
Edition number 22
100 1# - MAIN ENTRY--PERSONAL NAME
Personal name Prosdocimi de Rivera, María del Carmen
245 10 - TITLE STATEMENT
Title Presencias /
Statement of responsibility, etc. María del Carmen Prosdocimi de Rivera.
260 ## - PUBLICATION, DISTRIBUTION, ETC. (IMPRINT)
Place of publication, distribution, etc. Santo Domingo :
Name of publisher, distributor, etc. Banreservas,
Date of publication, distribution, etc. 1999.
300 ## - PHYSICAL DESCRIPTION
Extent 483 p. ;
Dimensions 23 cm.
490 ## - SERIES STATEMENT
Series statement Banreservas ;
-- Literatura,
Volume/sequential designation 6
590 ## - LOCAL NOTE (RLIN)
Local note Inventariado, 2021/VM
650 #4 - SUBJECT ADDED ENTRY--TOPICAL TERM
Topical term or geographic name as entry element Novela dominicana
General subdivision Historia y crítica
650 #4 - SUBJECT ADDED ENTRY--TOPICAL TERM
Topical term or geographic name as entry element Poesía dominicana
General subdivision Historia y crítica
650 #4 - SUBJECT ADDED ENTRY--TOPICAL TERM
Topical term or geographic name as entry element Autores dominicanos
General subdivision Historia y crítica
650 #4 - SUBJECT ADDED ENTRY--TOPICAL TERM
Topical term or geographic name as entry element Literatura dominicana
General subdivision Historia y crítica
650 #4 - SUBJECT ADDED ENTRY--TOPICAL TERM
Topical term or geographic name as entry element Diarios dominicanos
General subdivision Secciones, columnas, etc.
710 #4 - ADDED ENTRY--CORPORATE NAME
Corporate name or jurisdiction name as entry element Banco de Reservas de la República Dominicana
730 0# - ADDED ENTRY--UNIFORM TITLE
Uniform title El Caribe (República Dominicana)
910 ## - USER-OPTION DATA (OCLC)
User-option data VMateo V.
942 ## - ADDED ENTRY ELEMENTS (KOHA)
Source of classification or shelving scheme Dewey Decimal Classification
Koha item type Libros
Existencias
Withdrawn status Lost status Source of classification or shelving scheme Damaged status Not for loan Collection code Home library Current library Date acquired Source of acquisition Total Checkouts Full call number Barcode Date last seen Price effective from Koha item type
    Dewey Decimal Classification     Colección Dominicana Biblioteca Pública Metropolitana Salomé Ureña Biblioteca Pública Metropolitana Salomé Ureña 11/30/2021   BPMSU CD RD860.4409 P945p 1999 BPMSU21110142 11/30/2021 11/30/2021 Libros